Statistics for NBA Top 10 players in each position

Click here to take the quiz!

General Stats

  • This quiz has been taken 720 times
  • The average score is 11 of 50

Answer Stats

HintAnswer% Correct
CenterShaq O'neal
72%
ForwardLebron James
70%
Shooting GuardMichael Jordan
67%
CenterWilt Chamberlain
59%
Point GuardAllen Iverson
53%
Power ForwardTim Duncan
52%
ForwardLarry Bird
44%
Shooting GuardKobe Bryant
42%
Shooting GuardDwyane Wade
39%
ForwardKevin Durant
38%
Shooting GuardJerry West
37%
Point GuardJohn stockton
35%
Point GuardMagic Johnson
35%
Power ForwardKevin Garnett
34%
ForwardScottie Pippen
31%
Point GuardSteve Nash
31%
Power ForwardDirk Nowitzki
30%
CenterPatrick Ewing
29%
Point GuardJason Kidd
26%
CenterBill Russell
25%
CenterHakeem Olajuwon
20%
ForwardCarmelo Anthony
19%
Shooting GUardRay Allen
18%
Power ForwardDennis Rodman
17%
ForwardPaul Pierce
16%
CenterMoses Malone
15%
Shooting GuardReggie Miller
15%
CenterDavid Robinson
14%
Power ForwardCharles Barkley
12%
Point GuardGary Payton
12%
Shooting GuardTracy McGrady
12%
Shooting GuardVince Carter
12%
Point GuardOscar Robertson
11%
CenterDikembe Mutombo
9%
ForwardJulius Erving
9%
Point GuardIsiah Thomas
7%
Point GuardBob Cousy
6%
Power ForwardBob Pettit
6%
Power ForwardKevin McHale
6%
CenterHakeem Abdul Jabbar
5%
CenterYao MIng
5%
Power ForwardElvin Hayes
4%
ForwardGrant Hill
4%
Point GuardChauncey Billups
3%
ForwardRick Barry
3%
ForwardAlex English
2%
Shooting GuardClyde Drexter
1%
Power ForwardDave Debusschere
1%
Power ForwardKart Malone
1%
Shooting GuardJoe Johnson
0%

Score Distribution

Percentile by Number Answered

Percent of People with Each Score

Your Score History

You have not taken this quiz